España hace un siglo (Record no. 188526)

MARC details
000 -LEADER
campo de control de longitud fija 00659nam a2200193 i 4500
001 - NÚMERO DE CONTROL
campo de control 188526
003 - IDENTIFICADOR DE NÚMERO DE CONTROL
campo de control ES-MaACL
005 - FECHA Y HORA DE LA ÚLTIMA TRANSACCIÓN
campo de control 20250910213034.0
008 - DATOS DE LONGITUD FIJA--INFORMACIÓN GENERAL
campo de control de longitud fija 181213s1968 sp |||| | spa d
100 1# - ENTRADA PRINCIPAL--NOMBRE DE PERSONA
Nombre de persona Sánchez-Albornoz, Nicolás,
Fechas asociadas al nombre 1926-
9 (RLIN) 102442
245 10 - MENCIÓN DEL TÍTULO
Título España hace un siglo
Resto del título : una economía dual /
Mención de responsabilidad, etc. Nicolás Sáncez-Albornoz.
260 ## - PUBLICACIÓN, DISTRIBUCIÓN, ETC.
Lugar de publicación, distribución, etc. Madrid :
Nombre del editor, distribuidor, etc. Península,
Fecha de publicación, distribución, etc. 1968.
300 ## - DESCRIPCIÓN FÍSICA
Extensión 220 p. ;
Dimensiones 18 cm.
490 1# - MENCIÓN DE SERIE
Mención de serie Colección Ibérica ;
Designación de volumen o secuencia 24
651 #4 - PUNTO DE ACCESO ADICIONAL DE MATERIA--NOMBRE GEOGRÁFICO
Nombre geográfico España-
Subdivisión general Situación económica-
Subdivisión cronológica S.XIX.
9 (RLIN) 8504
830 0# - PUNTO DE ACCESO ADICIONAL DE SERIE-TÍTULO UNIFORME
Título uniforme Colección ibérica (Península)
Designación de volumen o secuencia 24
9 (RLIN) 179423
852 ## - LOCALIZACIÓN
Ubicación ES-MaACL
Número de control de estantería P-137-bis-21
Holdings
Estatus retirado Estado de pérdida Estado de daño No para préstamo Biblioteca de origen Biblioteca actual Ubicación en estantería Fecha de adquisición Fuente de adquisición Total de préstamos Signatura topográfica completa Código de barras Visto por última vez Precio de reemplazo Tipo de ítem Koha
        Biblioteca del Ateneo de Madrid Biblioteca del Ateneo de Madrid Depósito 2 13/12/2018     P-137-bis-21 1199450 23/02/2023 23/02/2023 Libro impreso